|
|
|
|
| LEADER |
00000cam a2200000 a 4500 |
| 001 |
vtls001263699 |
| 003 |
SK-MaSNL |
| 005 |
20260301154949.0 |
| 008 |
240315s1927 xr frn 00000acze |
| 015 |
|
|
|a SNBA1927/03
|
| 020 |
|
|
|q (brožované)
|
| 035 |
|
|
|a SNK000214607
|
| 040 |
|
|
|a SNK
|b slo
|c SNK
|e AACR2
|
| 041 |
0 |
|
|a cze
|
| 043 |
|
|
|a e-cs---
|
| 044 |
|
|
|a xr
|c CZ
|
| 072 |
|
7 |
|a 355/359
|x Vojenstvo. Obrana krajiny. Ozbrojené sily
|2 konspekt
|
| 072 |
|
7 |
|a 341
|x Medzinárodné právo
|2 konspekt
|
| 072 |
|
7 |
|a 323
|x Vnútropolitický vývoj, politický život
|2 konspekt
|
| 080 |
|
|
|a 94(100)"1914/1918"
|2 2011
|
| 080 |
|
|
|a 323.25/.26-027.63
|2 2011
|
| 080 |
|
|
|a 323.272
|2 2011
|
| 080 |
|
|
|a 94(437)"1918"
|2 2011
|
| 080 |
|
|
|a 94(437)
|2 2011
|
| 080 |
|
|
|a (0:82-94)
|2 2011
|
| 080 |
|
|
|a (0:82-4)
|2 2011
|
| 080 |
|
|
|a (048.8)
|2 2011
|
| 080 |
|
|
|a 341.7
|2 2011
|
| 080 |
|
|
|a 341.221.4
|2 2011
|
| 080 |
|
|
|a 323.22/.28
|2 2011
|
| 080 |
|
|
|a 32-051
|2 2011
|
| 100 |
1 |
|
|a Beneš, Edvard,
|d 1884-1948
|4 aut
|9 110633
|
| 245 |
1 |
0 |
|a Světová válka a naše revoluce
|b vzpomínky a úvahy z bojů za svobodu národa
|c napsal Edvard Beneš
|
| 246 |
1 |
5 |
|a Světová válka a naše revoluce
|n První díl
|
| 246 |
1 |
4 |
|a Světová válka a naše revoluce
|
| 260 |
|
|
|a V Praze
|b Orbis
|b Čin
|c 1927
|
| 300 |
|
|
|a viii, 537 strán
|c 22 cm
|
| 500 |
|
|
|a Názov z doplnkovej titulnej strany: Světová válka a naše revoluce : První díl
|
| 500 |
|
|
|a Čtvrtý tisíc
|
| 500 |
|
|
|a Poznámky pod čiarou
|
| 500 |
|
|
|a Názov z obalu: Světová válka a naše revoluce
|
| 504 |
|
|
|a Obsahuje bibliografické odkazy
|
| 600 |
1 |
7 |
|a Beneš, Edvard,
|d 1884-1948
|2 SNKMA
|9 110633
|
| 648 |
|
7 |
|a 1914-1918
|2 SNKPH
|9 289143
|
| 650 |
0 |
7 |
|a prezidenti
|2 SNKPH
|9 4128
|
| 650 |
0 |
7 |
|a prvá svetová vojna (1914-1918)
|2 SNKPH
|9 162650
|
| 650 |
0 |
7 |
|a vnútropolitický vývoj
|2 SNKPH
|9 88635
|
| 650 |
0 |
7 |
|a medzinárodné vzťahy
|2 SNKPH
|9 3690
|
| 650 |
0 |
7 |
|a diplomacia
|2 SNKPH
|9 1254
|
| 650 |
0 |
7 |
|a zahraničný odboj
|2 SNKPH
|9 54986
|
| 650 |
0 |
7 |
|a revolúcie
|2 SNKPH
|9 4760
|
| 650 |
0 |
7 |
|a vznik Československa (1918)
|2 SNKPH
|9 134041
|
| 651 |
|
7 |
|a Československo
|x dejiny
|2 SNKPHgeo
|9 161432
|
| 655 |
|
7 |
|a autobiografické spomienky
|2 SNKPH
|9 70489
|
| 655 |
|
7 |
|a úvahy
|2 SNKPH
|9 29403
|
| 655 |
|
7 |
|a štúdie
|2 SNKPH
|9 57033
|
| 655 |
|
7 |
|a monografie
|2 SNKPH
|9 70139
|
| 752 |
|
|
|a Česko
|d Praha
|
| 852 |
|
|
|a Slovenská národná knižnica
|
| 954 |
|
|
|a odborná, vedecká literatúra cudzojazyčná (svetová)
|2 lita
|
| 958 |
|
|
|a RK
|
| 958 |
|
|
|a TL
|
| 958 |
|
|
|a CZ
|
| 958 |
|
|
|a ONDV
|
| 958 |
|
|
|a NB
|
| 958 |
|
|
|a SP
|
| 999 |
|
|
|c 798708
|d 800638
|
| 952 |
|
|
|a SNK
|b SNK
|y PREZ
|7 0
|p 17A0726843
|o snkSC 1854/1
|i snkKSP 2403/57
|0 0
|1 0
|4 0
|d 1996-10-17
|l 0
|r 2025-06-11 00:00:00
|w 2026-02-24
|
| 952 |
|
|
|a SNK
|b SNK
|y VYP
|7 0
|p 17A0120141
|o snkSC 1854/1 D3
|i snkK 2699/66
|8 3
|0 0
|1 0
|4 0
|d 1998-02-06
|l 0
|r 2005-01-01 00:00:00
|w 2026-02-24
|
| 952 |
|
|
|a SNK
|b SNK
|y VYP
|7 0
|p 17A0180327
|o snkSC 1854/1 D1
|i snkKSF 2607/57
|8 5
|0 0
|1 0
|4 0
|d 1999-02-11
|l 0
|r 2005-01-01 00:00:00
|w 2026-02-24
|
| 952 |
|
|
|a SNK
|b SNK
|y VYP
|7 0
|p 17A0180808
|o snkSC 1854/1 D2
|i snkF 928/66
|8 5
|0 0
|1 0
|4 0
|d 1999-02-16
|l 0
|r 2005-01-01 00:00:00
|w 2026-02-24
|